Les mobs de Minecraft par lettre - Statistiques

Statistiques générales
  • Ce quiz a été pris 98 fois
  • Le résultat moyen est 12 sur 18
Statistiques - réponses
Lettre Mobs % Correct
A Allay/Âne/Arpenteur/Axolotl/Abeille/Araignée/Araignée venimeuse/Araignée chevauchée
95%
C Champimeuh/Chat/Chauve-souris/Cheval/Cheval-squelette/Cochon/Chèvre/Cavalier squelette
94%
V Vache/Villageois/Vagabond/Vex/Vindicateur
87%
Z Zoglin/Zombie/Zombie-villageois/Zombie momifié
86%
S Saumon/Shulker/Sorcière/Slime/Squelette
85%
P Perroquet/Poisson tropical/Poulpe/Poulpe luisant/Poule/Phantom/Panda/Piglin/Piglin zombifié/Piglin barbare/Pillard/Poisson d’argent/Poule chevauchée
83%
E Enderman/Embourbé/Endermite/Évocateur/Ender dragon
82%
M Marchand ambulant/Morue/Mouton/Mule
81%
G Golem de neige/Grenouille/Golem de fer/Gardien/Ghast/Grand gardien
73%
W Wither squelette/Wither/Warden
68%
L Lapin/Lama/Lama de marchand/Loup
64%
B Blaze/Breeze
51%
T Tatou/Têtard/Tortue
51%
O Ocelot/Ours blanc
50%
R Renifleur/Renard/Ravageur
49%
D Dromadaire/Dauphin
47%
H Hoglin
36%
N Noyé
27%
Aucun quiz correspondant
Distribution des résultats
% des personnes avec chaque résultat
Percentile par nombre de réponses
Votre historique - résultats
Vous n’avez pas pris ce quiz